| 000 | 01843nam a2200337 a 4500 | ||
|---|---|---|---|
| 001 | BRCA_2844 | ||
| 005 | 20190320204008.0 | ||
| 008 | 101208s1780----gw-a---###---#000-0dger-u | ||
| 041 | _ager | ||
| 044 | _agw | ||
| 084 |
_a269 _b.F75 _c1780 |
||
| 100 | 1 |
_aCervantes Saavedra, Miguel de _d1547-1616 _9213 |
|
| 245 | 1 | 0 |
_aLeben und Thaten des weisen Junkers Don Quixote von la Mancha _cMiguel de Cervantes Saavedra. |
| 260 |
_aLeipzig _bGaspar Fritsch _c1780 |
||
| 300 |
_a6 v. _bil. _c17 cm. |
||
| 500 | _aContenido : v 1. Primera parte. Retrato de Cervantes. Vida y obra de Cervantes por F. J. Bertuch. Prólogo del autor. Texto. -- v 2. Texto. -- v 3. Segunda parte. Texto. -- v 4. Texto. -- v 5. Primera parte de la continucación por Avellaneda. Texto. -- v 6. Segunda de la continuación por Avellaneda. Texto | ||
| 500 | _aEdición : Aus der Urshrift des Cervantes, nebst der Fortsetzung des Avellaneda. In 6 Bánden von F. J. Bertuch. Zwote Ausgabe mit Kupfern | ||
| 500 | _aReproducción de la edición del LO-268, impresa en Weimar, pero mejorado el papel y los tipos y añadiendo 15 láminas y viñetas, ambas dibujadas por Chodowiecki y grabadas en cobre por Berger. Semipiel; lomeras decoradas con adornos dorados Lúdovik Osterc | ||
| 500 | _aCon ex-libris de : W. Carpelan | ||
| 500 | _aQM501 | ||
| 546 | _aTexto en : alemán | ||
| 650 | 1 | 4 |
_aNovela española _yÉpoca clásica, 1500-1700 _9215 |
| 650 | 1 | 4 |
_aLiteratura española _yÉpoca clásica, 1500-1700 _9216 |
| 650 | 1 | 4 |
_aNovela española _ySiglo XVII _9217 |
| 650 | 1 | 4 |
_aDon Quijote (Personaje ficticio) _eNovela _9218 |
| 700 | 1 |
_aChodowiecki, Daniel Nikolaus _d1726-1801 _eIlustrador _97957 |
|
| 700 | 1 |
_aBertuch, Friedrich Johann Justin _d1747-1822 _eTraductor _97958 |
|
| 740 | 0 | _aEl Ingenioso Hidalgo Don Quijote de la Mancha | |
| 902 | _aQFM | ||
| 942 |
_2lcc _cB |
||
| 999 |
_c2583 _d2583 |
||